000 00521nam a2200157Ia 4500
008 170221s9999 xx 000 0 und d
100 _aFa-Bao Yan
245 2 _aA Method of Serial Data Clock Domain Crossing Transmission in Geophysical Instruments
245 _cFa-Bao Yan, Jian-Xin Liu, and Yan-Rui Su
260 _bJournal of Communications
260 _c2015
300 _a10 : 6
650 _xCommunication
650 _xMedia Arts
856 _uhttp://www.jocm.us/index.php?m=content&c=index&a=lists&catid=147
999 _c306938
_d306938